| 000 | 01511cam a22002775a 4500 | ||
|---|---|---|---|
| 001 | L160199 | ||
| 008 | 181204s2018 xxk f 000 0 eng d | ||
| 020 | _a9781783213269 | ||
| 035 | _a(Sirsi) u160199 | ||
| 041 | 0 | _aeng | |
| 100 | 1 | _aWilbourn, Philip | |
| 245 | 0 | 0 |
_aEnvironmental risks and global real estate _h[electronic resource] |
| 250 | _a1st ed | ||
| 260 |
_aLondon _bRICS _c2018 |
||
| 300 | _aiv; 28p ; 30cm | ||
| 490 | 0 | _aRICS professional standards and guidance, global | |
| 520 | _aThis guidance note is aimed principally at the land and property acquisition, disposal and asset management stages of the property life cycle. It aims to provide guidance to chartered surveyors who are not specialists in environmental considerations and management, or in the preparation of environmental reports, including Land Quality Statements and Environmental Screening Reports | ||
| 590 | _aKA | ||
| 650 | 2 | 4 | _aPROPERTY LIFE CYCLE |
| 650 | 2 | 4 | _aLAND QUALITY STATEMENTS |
| 651 | 4 | _aInternational | |
| 690 |
_aEnvironment _96238 |
||
| 856 |
_uhttps://www.rics.org/profession-standards/rics-standards-and-guidance/sector-standards/land-standards/environmental-risks-and-global-real-estate _zView free on RICS.org |
||
| 856 |
_uhttp://web.archive.org/web/20220120151753/https://www.rics.org/globalassets/rics-website/media/upholding-professional-standards/sector-standards/land/environmental-risks-and-global-real-estate-1st-edition-november-2018.pdf _zView on the internet archive |
||
| 942 | _n0 | ||
| 999 |
_c116272 _d116272 |
||